Geografía 2 /
Guardado en:
| Autor Principal: | |
|---|---|
| Formato: | Libro |
| Publicado: |
Buenos Aires :
Kapelusz,
1988
|
| Etiquetas: |
Agregar Etiqueta
Sin Etiquetas, Sea el primero en etiquetar este registro!
|
| LEADER | 00471nam a22001575a 4500 | ||
|---|---|---|---|
| 001 | CEM.cems004634 | ||
| 005 | 20060217000000.0 | ||
| 008 | 130507s1988##################000#0#####d | ||
| 003 | CEMS | ||
| 082 | 0 | 4 | |a 914.07 |
| 100 | 1 | |a Negro, Juana Inés | |
| 245 | 1 | 0 | |a Geografía 2 / |
| 260 | |a Buenos Aires : |b Kapelusz, |c 1988 | ||
| 300 | |a 258 p.1 | ||
| 859 | |a CEMS |b BIB. CEMS - 11 de abril |h 914.07 |i N312/II |p 16722.92 |t Ej.1 | ||
| 859 | |a CEMS |b BIB. CEMS - 11 de abril |h 914.07 |i N312/II |p 16729.92 |t Ej.2 | ||
